000 00703nam a2200205Ii 4500
003 JO-AjNU
008 230605s9999||||xx |||||||||||||| ||und||
017 _a2002/2/374
040 _aJO-AjNU
_bara
_erda
_cJO-AjNU
041 _aara
050 1 4 _aPJ6121.A22 2002
100 3 _aاعداد الخليل، عبد القادر مرعي,
_eauthor
_958952
245 0 0 _aالتشكيل الصوتي في اللغة العربية : بحوث ودراسات
264 3 1 _aعمان: المؤلف، 2002
300 _a213ص
336 _atext
_btxt
_2rdacontent
337 _aunmediated
_bn
_2rdamedia
338 _avolume
_bnc
_2rdacarrier
650 4 _aاللغة العربية-الصوت- السمع
_958953
999 _aA26504
_c30072
_d30072